000 01510nam a2200349 a 4500
001 ebr10067555
003 CaPaEBR
006 m u
007 cr cn|||||||||
008 981209s1999 enka sb 001 0 eng
010 _z 98054943
020 _z0333745515
020 _z0312220243
040 _aCaPaEBR
_cCaPaEBR
035 _a(OCoLC)559191984
050 1 4 _aHG3942
_b.F75 1999eb
082 0 4 _a332.4/566/094
_221
100 1 _aFriberg, Richard,
_d1967-
245 1 0 _aExchange rates and the firm
_h[electronic resource] :
_bstrategies to manage exposure and the impact of EMU /
_cRichard Friberg.
260 _aHoundmills, Basingstoke, Hampshire :
_bMacmillan Press ;
_aNew York :
_bSt. Martin's Press,
_c1999.
300 _ax, 174 p. :
_bill.
504 _aIncludes bibliographical references (p. 161-168) and index.
533 _aElectronic reproduction.
_bPalo Alto, Calif. :
_cebrary,
_d2013.
_nAvailable via World Wide Web.
_nAccess may be limited to ebrary affiliated libraries.
610 2 0 _aEconomic and Monetary Union.
650 0 _aForeign exchange rates
_zEuropean Union countries.
650 0 _aMonetary unions
_zEuropean Union countries.
650 0 _aMonetary policy
_zEuropean Union countries.
650 0 _aBusiness enterprises
_zEuropean Union countries
_xFinance.
655 7 _aElectronic books.
_2local
710 2 _aebrary, Inc.
856 4 0 _uhttp://site.ebrary.com/lib/rucke/Doc?id=10067555
_zAn electronic book accessible through the World Wide Web; click to view
999 _c162905
_d162905